000
00226 a2200097 4500
001
47902
100
_a
Stewerison A E
245
_a
Call to Greatness
260
_a
London
_b
William Clowes & Sons Ltd
_c
090
_c
30897
_d
30897
942
_a
NUST-CAE
_c
M
_c
23221
999
_c
282975
_d
282975